| 000 | 00807nam a2200241 i 4500 | ||
|---|---|---|---|
| 001 | 114965 | ||
| 003 | ES-MaACL | ||
| 005 | 20230906190309.0 | ||
| 007 | t| | ||
| 008 | 070214s1928 sp ||||1| spa d | ||
| 080 | _a860-22"19" | ||
| 100 | 1 |
_aCadenas, José Juan. _933383 |
|
| 245 | 1 | 3 |
_aLa tatarabuela _b: padrón de familia en tres actos / _cJosé Juan Cadenas y Emilio González del Castillo ; dibujos de Garrán. |
| 260 |
_aMadrid : _bRivadeneyra, _c1928. |
||
| 300 |
_a59 p. : _bil. ; _c17 cm. |
||
| 490 | 1 |
_aLa Farsa ; _v69 |
|
| 500 | _aEstrenado en el Teatro Alkázar, de Madrid, el día 5 diciembre de 1928. | ||
| 700 | 1 |
_aGonzález del Castillo, Emilio. _958580 |
|
| 700 | 1 |
_aGarran. _9185629 |
|
| 830 | 0 |
_aLa Farsa ; _v69 _9185863 |
|
| 852 |
_aES-MaACL _jC-13190 |
||
| 999 |
_c114965 _d114965 |
||